| 000 | 01244nam a2200301Ia 4500 | ||
|---|---|---|---|
| 999 |
_c4756 _d4756 |
||
| 003 | OSt | ||
| 005 | 20200609235815.0 | ||
| 008 | 191128s9999 xx 000 0 und d | ||
| 020 | _a9789584245427 | ||
| 040 |
_aCO-JMCR _cCO-JMCR |
||
| 041 | 1 |
_aspa _hgramo |
|
| 082 | 0 | 4 |
_a330 / _bV176e _223 |
| 100 | 1 |
_aVaroufakis, Yanis, _eautor _94784 |
|
| 245 | 1 | 0 |
_aEconomía sin corbata : _bconversaciones con mi hija / _cYanis Varoufakis ; traducción Maria Adriá |
| 250 | _aPrimera edición | ||
| 260 |
_aBogotá : _bPlaneta : Ariel, _c2015 |
||
| 300 |
_a191 páginas ; _c23 cm. |
||
| 505 | 0 | _a¿Por qué tanta desigualdad? -- Precio frente a valor -- Deuda, beneficio, riqueza -- Confianza, crisis, Estado -- Máquinas embrujadas -- Dos mercados edípicos -- ¿Virus idiotas? -- Dinero | |
| 520 | _aDesde que en 2008 la crisis financiera empezara a azotar al mundo, la economía se ha convertido en tema central de nuestras inquietudes y nuestras conversaciones. | ||
| 546 | _aTraducido del griego | ||
| 650 | 1 | 4 |
_aEconomia _94785 |
| 650 | 1 | 4 |
_aEconomía política _94786 |
| 650 | 1 | 4 |
_aDesarrollo económico _94787 |
| 650 | 1 | 4 |
_aEmpleo _94788 |
| 650 | 1 | 4 |
_aPobreza _94789 |
| 710 | 1 |
_aAdriá, Maria, _btraductora _94790 |
|
| 942 |
_2ddc _cBK |
||